Molecular symmetry and spectroscopy /
Gespeichert in:
| Hauptverfasser: | , |
|---|---|
| Format: | Buch |
| Sprache: | Englisch |
| Veröffentlicht: |
Ottawa
NRC Research Press
1998.
|
| Ausgabe: | 2nd Edition |
| Schlagworte: | |
| Online-Zugang: | Im OPAC anzeigen |
| Tags: |
Keine Tags, Fügen Sie das erste Tag hinzu!
|
MARC
| LEADER | 00000cam a2200000 i 4500 | ||
|---|---|---|---|
| 005 | 20260127134131.0 | ||
| 008 | 780630s1979 nyua b 001 0 eng | ||
| 010 | |a 78-051240 | ||
| 020 | |a 0660175193 | ||
| 035 | |a vtls008703297 | ||
| 039 | 9 | |y 200605241125 |z mschk03 | |
| 040 | |a STUSCHK1 |b slo |c STUSCHK1 | ||
| 080 | |a 541/.28 | ||
| 100 | 1 | |a Bunker, Philip R. | |
| 245 | 1 | 0 | |a Molecular symmetry and spectroscopy / |c Philip R. Bunker. |
| 250 | |a 2nd Edition | ||
| 260 | |a Ottawa |b NRC Research Press |c 1998. | ||
| 300 | |a 747 p. |b ill. |c 24 cm. | ||
| 500 | |a Includes index. | ||
| 650 | 0 | |a Molecular structure. | |
| 650 | 0 | |a Molecular spectroscopy. | |
| 700 | 1 | |a Jensen, Per |4 aut | |
| 906 | |a 7 |b cbc |c orignew |d 1 |e ocip |f 19 |g y-gencatlg | ||
| 910 | |a SCHK95 | ||
| 919 | |a 0-660-17519-3 | ||
| 991 | |b c-GenColl |h QD461 |i .B958 |t Copy 1 |w BOOKS | ||
| 991 | |b c-GenColl |h QD461 |i .B958 |p 00038772806 |t Copy 2 |w CCF | ||
| 999 | |c 4853 |d 4853 | ||